000 00960nam a2200229 a 4500
001 000159523
003 AM-YeHGA
005 20250617123235.0
008 990413s1977 ru ||||gr|||||||||0| |d
040 _aAM-YeHGA
041 0 _arus
100 1 _aФлинт, Владимир Евгеньевич
245 1 0 _aПространственная структура популяций мелких млекопитающих /
_cВ.Е. Флинт ; Отв. ред. П.А. Пантелеев ; АН СССР. Московское общ-во испытателей природы.
260 _aМосква :
_bНаука,
_c1977.
300 _a184 с.
650 1 4 _aБиология
650 1 4 _aМлекопитающие - Популяции - Структура
700 1 _aПантелеев, П.А.
_eред.
_4edt
710 2 _aМосковское общество испытателей природы
942 _2udc
_cBK
090 _c55359
999 _c54506
_d54506